| 000 | 004500000a22001810004500 | ||
|---|---|---|---|
| 003 | MACL | ||
| 005 | 20160101150747.0 | ||
| 008 | 160101b xxu||||| |||| 00| 0 eng d | ||
| 040 |
_aMACL _cMACL |
||
| 041 | _aEnglish | ||
| 082 | _a403/DAN | ||
| 100 |
_aJones, Daniel _926502 |
||
| 245 | _aEnglish Pronouncing Dictionary | ||
| 260 |
_bJ M Dent & Sons Ltd _c1960 _aBritain |
||
| 350 | _a21 | ||
| 650 |
_aDictionary _926503 |
||
| 942 |
_cBK _k403/DAN _2ddc |
||
| 999 |
_c36039 _d36039 |
||